00387nam a2200145Ia 450000500170000000800460001703700120006304000200007504100130009508400210010810000180012924500340014726000440018130000160022520250508160705.0008 250505s9999 xx 000 0 eng d aTextual aFEDLbengcFEDL aeng2eng a362.5, FONqFEDL aFonseca A. J. 0aChallenge of poverty in India aDelhi, IndiabVikas Publications c1971 axxvii,182p.